[Event "Carballo Concello 6th"]
[Site "Carballo"]
[Date "2023.08.25"]
[Round "1"]
[White "Petkov, Vladimir"]
[Black "Mendez Rey, Daniel"]
[Result "1-0"]
[WhiteElo "2464"]
[BlackElo "1299"]
[PlyCount "81"]
[EventDate "2023.08.25"]
[EventType "swiss"]
[EventRounds "9"]
[EventCountry "ESP"]
[SourceTitle "EXT 2024"]
[Source "ChessBase"]
[SourceDate "2023.10.10"]
[SourceVersion "1"]
[SourceVersionDate "2023.10.10"]
[SourceQuality "1"]

1. d4 d5 2. c4 e6 3. Nf3 Nf6 4. g3 Bb4+ 5. Bd2 Be7 6. Bg2 c6 7. Qc2 Ne4 8. 0-0 Nd7 9. Rd1 f5 10. Be1 0-0 11. b4 Qe8 12. a4 g5 13. b5 g4 14. Nfd2 h5 15. f3 Ng5 16. Nc3 h4 17. bxc6 bxc6 18. fxg4 h3 19. Bh1 fxg4 20. Bf2 Bd6 21. Rf1 Ba6 22. Be3 Qh5 23. Rxf8+ Rxf8 24. Rf1 Nf6 25. Bf4 Ne8 26. e3 Kg7 27. Qb1 Nf7 28. Ne2 Qh7 29. Bxd6 Nexd6 30. Nf4 Re8 31. Qd1 Qf5 32. Nxd5 cxd5 33. Rxf5 exf5 34. Bxd5 Rxe3 35. Nf1 Re7 36. Qb3 Ng5 37. Qb4 Nc8 38. Qa5 Nb6 39. Qxa6 Nxd5 40. cxd5 Nf3+ 41. Kf2 1-0

[Event "Galicia-ch U14"]
[Site "Padron"]
[Date "2023.02.21"]
[Round "7"]
[White "Diz Lorono, Irene"]
[Black "Mendez Rey, Daniel"]
[Result "1-0"]
[WhiteElo "1415"]
[BlackElo "1174"]
[PlyCount "43"]
[EventDate "2023.02.18"]
[EventType "swiss"]
[EventRounds "8"]
[EventCountry "ESP"]
[SourceTitle "EXT 2024"]
[Source "ChessBase"]
[SourceDate "2023.10.10"]
[SourceVersion "1"]
[SourceVersionDate "2023.10.10"]
[SourceQuality "1"]

1. e4 d5 2. exd5 Qxd5 3. Nc3 Qd8 4. Bc4 Nf6 5. Nf3 a6 6. d4 b5 7. Bd3 Bb7 8. a3 e6 9. Bf4 Bd6 10. Bg3 0-0 11. 0-0 Bxg3 12. fxg3 Bxf3 13. Qxf3 Qxd4+ 14. Kh1 Nbd7 15. Rad1 Qb6 16. Ne4 Rad8 17. Nxf6+ Nxf6 18. g4 Rd5 19. Qh3 Re8 20. Rxf6 gxf6 21. Qh6 Qf2 22. Bxh7+ 1-0

[Event "Galicia-ch U12"]
[Site "Galicia"]
[Date "2022.04.11"]
[Round "7"]
[White "Vidal Salgueiro, Breixo"]
[Black "Mendez Rey, Daniel"]
[Result "1/2-1/2"]
[WhiteElo "1047"]
[BlackElo "1110"]
[PlyCount "134"]
[EventDate "2022.04.09"]
[EventType "swiss"]
[EventRounds "8"]
[EventCountry "ESP"]
[SourceTitle "EXT 2023"]
[Source "ChessBase"]
[SourceDate "2022.10.05"]
[SourceVersion "1"]
[SourceVersionDate "2022.10.05"]
[SourceQuality "1"]

1. d4 d5 2. Nf3 Nf6 3. e3 e6 4. Bd3 g6 5. Nbd2 Bg7 6. 0-0 0-0 7. Qe2 b6 8. c3 Bb7 9. e4 dxe4 10. Nxe4 Nbd7 11. Bg5 Qc8 12. Rad1 Nd5 13. a3 f5 14. Ned2 Re8 15. Ne5 c5 16. Ndf3 Nxe5 17. Nxe5 a6 18. Rfe1 Qc7 19. Qd2 Ne7 20. Bh6 Nc6 21. Bxg7 Kxg7 22. Qg5 Nxe5 23. Rxe5 cxd4 24. cxd4 Qe7 25. Qxe7+ Rxe7 26. Bc4 Kf6 27. Rde1 Rae8 28. f3 b5 29. Bb3 Bc8 30. a4 Rd8 31. d5 bxa4 32. Ba2 Rde8 33. Kf2 exd5 34. Rxe7 Rxe7 35. Rxe7 Kxe7 36. Bxd5 Kd6 37. Bg8 h6 38. Bh7 g5 39. Ke3 Ke5 40. Bg8 Bd7 41. Bf7 Bb5 42. Kf2 Kd4 43. Ke1 Ke3 44. Bg6 Bd3 45. Be8 Bb5 46. Bg6 Bd3 47. Be8 Bc2 48. Bd7 Kf4 49. Bc8 Bd3 50. Kf2 g4 51. g3+ Kg5 52. fxg4 fxg4 53. Ke3 Bb5 54. Ke4 a5 55. Ke5 h5 56. Bf5 Bc4 57. Bd7 Bb3 58. Bf5 Bd1 59. Bd7 h4 60. gxh4+ Kxh4 61. Kf5 g3 62. hxg3+ Kxg3 63. Ke4 Kf2 64. Kd3 Ke1 65. Kc4 Kd2 66. Kb5 Kc1 67. Kxa5 Kxb2 1/2-1/2

[Event "Galicia-ch U12"]
[Site "Galicia"]
[Date "2022.04.09"]
[Round "3"]
[White "Diniz Lopez, Sergio"]
[Black "Mendez Rey, Daniel"]
[Result "1-0"]
[WhiteElo "1543"]
[BlackElo "1110"]
[PlyCount "121"]
[EventDate "2022.04.09"]
[EventType "swiss"]
[EventRounds "8"]
[EventCountry "ESP"]
[SourceTitle "EXT 2023"]
[Source "ChessBase"]
[SourceDate "2022.10.05"]
[SourceVersion "1"]
[SourceVersionDate "2022.10.05"]
[SourceQuality "1"]

1. d4 d5 2. Nf3 Nf6 3. e3 Bf5 4. c4 e6 5. Nc3 c6 6. Qb3 Qb6 7. Na4 Qxb3 8. axb3 Nbd7 9. Be2 Bb4+ 10. Bd2 Bxd2+ 11. Nxd2 0-0 12. 0-0 b6 13. Nc3 c5 14. Bf3 Bg4 15. Bxg4 Nxg4 16. cxd5 cxd4 17. exd4 exd5 18. Nxd5 a5 19. Nc4 Rfd8 20. Ndxb6 Nxb6 21. Nxb6 Rab8 22. Nc4 Rxd4 23. Nxa5 Rc8 24. Nc6 Rd7 25. Rac1 Kf8 26. Ne5 Rdc7 27. Rxc7 Rxc7 28. Nxg4 Rb7 29. Re1 Rxb3 30. Ne5 h6 31. Re2 f6 32. Nf3 Rb8 33. g4 Rb4 34. h3 Kf7 35. Kf1 Rb3 36. Ng1 f5 37. Ke1 Kf6 38. gxf5 Kxf5 39. Kd1 Rb7 40. Kc1 Rc7+ 41. Kb1 Rb7 42. Re3 Rb6 43. Ne2 g5 44. Kc2 Rc6+ 45. Kd3 Rb6 46. Nd4+ Kf6 47. Kc3 Rb8 48. b4 Rc8+ 49. Kb3 Rc1 50. b5 Rb1+ 51. Kc4 g4 52. hxg4 h5 53. gxh5 Rh1 54. b6 Rxh5 55. b7 Rh8 56. Nc6 Kg7 57. Rd3 Rh4+ 58. Rd4 Rh8 59. Rd8 Rh4+ 60. Kb5 Rh5+ 61. Kb6 1-0